00353nam a2200121Ia 4500008004100000020001800041082000800059100001700067245003700084260007600121300002000197490001400217250529s9999 xx 000 0 und d a9789991569529 aMAN aHassan Manik 0aRoanu Hassan Maniku thamseelutha aMale'bDhivehi Bahaai Thaareekhah Khidhumaiykuraa Qaumee Marukazuc2022 a125 p. ; 21 cm. vMalas 111